Quizzes
Events
Quiz Creation
Community
Videos
Private Events
Remove Ads
Sign In
Join for FREE
Feedback
Dark Mode
Quiz Categories
Sports
Geography
Music
Movies
Television
Just For Fun
Miscellaneous
History
Literature
Language
Science
Gaming
Entertainment
Religion
Holiday
For Kids
Quiz Lab
Recent
Popular Today
Quiz Kudos Today
Editor Picks
Curator Picks
Quizzes by...
Day
Popularity
Type
Ratings
Length
Year
Community
Subscriptions
Recent Discussions
Orange Saloon
Badges
Playlists
Quests
Create
Leaderboards
Showdown
Live 5
Trivia Bingo
Activity
Puzzle Library
Sporcle Events
Private Events
Virtual Trivia
Globe League
Become a Host
Pub Owners
SporcleCon
Opinionation
Our Games
Videos
Blog
Mobile Apps
Partnerships
Remove Ads and Go Orange
Feedback
Sports
Athletes
MLB
NBA
NHL
NFL
Soccer
Sports Teams
WWE
NCAA
Football
Premier League
Basketball
Baseball
Hockey
Golf
Tennis
Cricket
Rugby
Auto Racing
Olympics
World Cup
Sports
Athletes
MLB
NBA
NHL
NFL
Soccer
Sports Teams
WWE
NCAA
Football
Premier League
Basketball
Baseball
Hockey
Golf
Tennis
Cricket
Rugby
Auto Racing
Olympics
World Cup
Random Quiz
Search Sporcle
×
Quiz Lab
Quiz Lab
Sports
NBA
Type in answers that appear in a list
Type in answers that appear in a list
Classic
Best Score? Go Orange.
Knicks 50 Stats
Can you name the surnames of the top 50 New York Knicks points scorers?
By
mucciniale
20m
50 Questions
2,565 Plays
2,565 Plays
2,565 Plays
Comments
Comments
Give Quiz Kudos
Give Quiz Kudos
-
- Ratings
hide this ad
Replay
Link that replays current quiz
Next Quiz
Link to next quiz in quiz playlist
You Got
0%
They Got
Avg Score
52%
Avg Friend Score
Upgrade to see
Score Distribution
Jump to the score distribution portion of the page
Score
0/50
Timer
20:00
1
Play Today
Name
Surname (points)
% Correct
Patrick
Ewing
98.8%
Carmelo
Anthony
97%
Walt 'Clyde'
Frazier
94.5%
Willis
Reed
94.4%
Allan
Houston
86.9%
Amar'e
Stoudemire
85.2%
Bernard
King
84.6%
Latrell
Sprewell
84.3%
Stephon
Marbury
83.1%
Earl
Monroe
82.7%
Mark
Jackson
82.2%
Phil
Jackson
82.2%
Nate
Robinson
78.9%
Jamal
Crawford
76.7%
John
Starks
73.8%
Charles
Oakley
72%
Larry
Johnson
71.8%
MIchael Ray
Richardson
69.8%
Eddy
Curry
69.1%
Kurt
Thomas
67.4%
David
Lee
64.6%
Tim
Hardaway
60%
Richie
Guerin
56.8%
Bill
Bradley
54.7%
Dick
Barnett
54.6%
Name
Surname (points)
% Correct
Dave
DeBusschere
54.4%
Charlie
Ward
48%
Anthony
Mason
47.9%
Ray
Williams
46.2%
Bill
Cartwright
45.2%
Cazzie
Russell
41.9%
Gerald
Wilkins
41.8%
Johnny
Green
41.1%
Spencer
Haywood
39.2%
Walt
Bellamy
34.6%
Bob
McAdoo
31.3%
Trent
Tucker
29.6%
Carl
Braun
29.6%
Harry
Gallatin
27%
Dick
McGuire
21.4%
Willie
Naulls
19.3%
Rory
Sparrow
19.1%
Nat
Clifton
13.4%
Louis
Orr
12.1%
Kenny
Sears
11.9%
Toby
Knight
9%
Ray
Felix
6.2%
Connie
Simmons
5.5%
Howard
Komives
5.4%
Dave
Stallworth
5%
Quiz Playlist
Details
Report
Send in Message
Add To Playlist
Classic:
Type in answers that appear in a list
Quiz Source
Last Updated: Mar 18, 2021
Quiz Scoreboard
CHALLENGE
Sign Up to Join the Scoreboard
Show All
Scores
Hide
Comments
May contain spoilers
Recently Published
Presidents Visiting Landmarks
by Hejman
History
7m
An Introduction to Baseball
by treessimontrees
Sports
5m
Movies - When Are They Set?
by FPL_Elf
Movies
5m
More to Explore
Quiz From the Vault
Featured Blog Post
Where Did the Easter Bunny Come From?
hide this ad
You Might Also Like...
Tags
Football Quiz
NBA Quiz
50 Highest
50 Most
NBA Player
New York
New York Knicks
Scorer
Surname
Top 50
Top Scorers
Today's Top Quizzes in Sports
Browse Sports
hide this ad
Today's Top Quizzes in NBA
Browse NBA
Top Contributed Quizzes in Sports
1
Les meilleurs buteurs des matchs entre le PSG et l’OM
2
2022 World Cup Stars
3
FIFA Club World Cup Champions
4
Les entraîneurs de l'OM et du PSG au 21e siècle
5
Name the Premier League winners with different clubs
6
5-to-1: UK Sports Teams
7
La finale Lions - Afrique du Sud 2021
8
Criteria MLB: Left Handed Sluggers
9
AFC Teams Reveal (Wrong Answers Minefield)
10
England Test cricketers to play under Nasser Hussain
Explore More
Trending Topics
Anime
Kpop
Marvel
Harry Potter
Crossword
NBA
Disney
Song
Puzzle
Country
The Office
WWE
Soccer
NFL
Pokémon
hide this ad
More By:
mucciniale
Quiz
Plays
Rating
Category
Featured
Created
United States Physical Geography
112,853
4.75
Geography
Jun 24, 2020
Famous British Men in Movies
69,576
4.73
History
Jun 1, 2020
2019 Oscar Nominees Movie Posters
63,500
4.75
Movies
Jun 28, 2020
2014 Oscar Nominees Movie Posters
60,306
4.80
Movies
Jul 8, 2020
2012 Oscar Nominees Movie Posters
54,893
4.73
Movies
Jul 13, 2020
Go to Creator's Profile
Score Distribution
Quiz Creator Spotlight
mucciniale
Follow
Send a Message
Quizzes Created
-
Created Quiz Play Count
-
More By This Creator
Popular Quizzes Today
1
Find the US States - No Outlines Minefield
2
Find the Countries of Europe - No Outlines Minefield
3
The Countries of the World
4
Find the US States
5
Popular People in 1961
6
US States
7
Risky Map Clicking: Biggest States A-Z
8
Movies - When Are They Set?
More Sports Quizzes
Multiple NFL Super Bowl Losers
Published
Trending Quizzes
Risky Map Clicking: Least Populous States A-Z
1-10 Letter G Words
1-10 Letter F Words
Risky Map Clicking: Next State Alphabetically
Risky Map Clicking: Biggest States A-Z
Recently Updated
Leaping Animals
pecheneg
Reality TV Shows (A-Z)
bhenderson79
Rickey Henderson's Hall of Fame Teammates
pecheneg
Champions League XIs: Arsenal
pecheneg
Quick Pick: Celebrities in WWE's Hall of Fame
aduchscher
A-Z Keypad Blitz II
pecheneg
Multiple Oscar Actors
pecheneg
Mystery Phrase Blitz: Oscar 'Best Actors'
pecheneg
F. Scott Fitzgerald Novels
LTH
Pick 3 Villains
ddd62291
Trending Topics
NBA
Marvel
Kpop
Disney
Crossword
Harry Potter
Anime
Song
Soccer
WWE
The Office
Puzzle
Pokémon
Country
NFL
Your Account Isn't Verified!
In order to create a playlist on Sporcle, you need to verify the email address you used during registration. Go to your
Sporcle Settings
to finish the process.
Report this User
Report this user for behavior that violates our
Community Guidelines
.
Details:
Send Report
Go to the Sporcle.com Mobile Site →
Comments